zpět

Detail výsledku týmu

Kozlovna U Ježka, Ostrava

Datum a čas kvízu

25 Celkem bodů Celkový počet nahraných bodů na tomto kvízu bez doplňovacích otázek.
5. Pořadí na kvízu Konečné umístění týmu na tomto kvízu.

Zaznamenané odpovědi

# Otázka Odpověď Body Výsledky
1. Minulý týden bylo oznámeno, že... v Brazílii 0
2. Prezident jedné jihoamerické z... Venezuela 1
3. Tvůrci jednoho oblíbeného seri... Simpsonovi 0
4. V pondělí ukončila svůj provoz... Spojené království / Velká Británie 0
5. Který český brankář minulý týd... Vítězslav Jaroš 0
6. Jak se jmenuje stát, který je... Lesotho 1
7. Kaliningrad neboli Královec je... Přemysla Otakara II. 0
8. V Pásmu Gazy, jež je v podstat... A 0
9. V roce 2015 během jediného dne... Indie a Bangladéš 0
10. Republika San Marino je druhý... Rimini 1